000 01120nam a2200289 4500
001 2050198
003 IlCrPQL
005 20200320211602.0
008 180501 eng
020 _a1515778789
020 _a9781515778783
040 _cIlCrPQL
082 1 4 _a571
100 1 _aFalligant, Erin.
_95813206
245 1 0 _aBody pro :
_bfacts and figures about bad hair days, blemishes and being healthy /
_cErin Falligant.
260 _aNorth Mankato, MN :
_bCapstone Press,
_c2018.
300 _a48 p. :
_bcol. ill. ;
_c27 cm
520 _aHow often should you wash your hair? At what age do most girls start shaving their legs? How many girls your age wear makeup? Find the answers to these questions and more about growing up GIRL!
521 2 _a5678.
521 8 _a800
_bLexile.
650 7 _aGirls
_xHealth and hygiene.
_2sears
_984664
650 7 _aGrooming for girls.
_2sears
_995559
942 _cBOOK
_05
948 _a05/01/2018
_zSirsi
949 _h571
_iFal
_923.49
996 _a149296
_b34301001551334
_cJNF
_dbk
_ewcl
_fi
_g5
_h21.95
_lrainbow
_m646.7 Fal
_p05/18/2018
_q09/19/2019
_r09/09/2019
999 _c308733
_d308732